000 00456nam a22001697a 4500
005 20251108175328.0
008 250721s2002 xx 000 0 ara d
020 _a9953103968
082 1 4 _aط/551.252/حار
245 1 0 _aوجهآ لوجه: حار وبارد /
264 1 _aلبنان :
_bمكتبة لبنان ناشرون،
_c2002.
300 _a22ص.
650 1 7 _aالعلوم
650 1 7 _aالطقس
942 _2ddc
_cBK
999 _c131556
_d131556